| 000 | 01224nam a2200265Ia 4500 | ||
|---|---|---|---|
| 999 |
_c54961 _d54961 |
||
| 001 | 22032 | ||
| 003 | GE_BSU | ||
| 005 | 20220927153017.0 | ||
| 008 | 181216s ||||ge |||||||||||||| ||geo|| | ||
| 020 | _a9992848489 | ||
| 040 | _cGE_BSU | ||
| 041 | _ageo | ||
| 080 | _a811.112.2'276 ს-80 | ||
| 100 |
_aსტამბოლიშვილი, ნ. _911389 |
||
| 245 |
_aგერმანული იდიომატიკადა მისი სწავლების საფუძვლები / _cნ. სტამბოლიშვილი ; რედ. შუშანა ფუტკარაძე. |
||
| 264 |
_aბათუმი : _bუნ-ტის გამ-ბა, _c2001. |
||
| 300 |
_a180 გვ. ; _c20 სმ. |
||
| 504 | _aბიბლიოგრაფია გვ. 177-180 | ||
| 541 | _h8ლ. | ||
| 653 | _aგერმანული ენა | ||
| 653 | _aგერმანული იდიომატიკადა მისი სწავლების საფუძვლები | ||
| 653 | _aგერმანული იდიომები | ||
| 700 |
_aფუტკარაძე, შუშანა _eრედაქტორი _91978 |
||
| 942 |
_cBK _2udc |
||